California County Seats - Statistics

General Stats
  • This quiz has been taken 26 times
  • The average score is 37 of 58
Answer Stats
County County Seat % Correct
Fresno Fresno
96%
Los Angeles Los Angeles
96%
Riverside Riverside
96%
Sacramento Sacramento
96%
San Francisco San Francisco
96%
Kern Bakersfield
92%
Alameda Oakland
92%
San Diego San Diego
92%
Santa Barbara Santa Barbara
92%
Humboldt Eureka
88%
Santa Clara San Jose
88%
Santa Cruz Santa Cruz
88%
Ventura Ventura
88%
Sutter Yuba City
88%
Shasta Redding
84%
San Luis Obispo San Luis Obispo
84%
Merced Merced
80%
Napa Napa
80%
San Bernardino San Bernardino
80%
Orange Santa Ana
80%
Sonoma Santa Rosa
80%
San Joaquin Stockton
80%
Del Norte Crescent City
72%
Madera Madera
72%
Monterey Salinas
72%
Tulare Visalia
72%
Siskiyou Yreka
72%
Stanislaus Modesto
68%
Nevada Nevada City
64%
San Mateo Redwood City
64%
Marin San Rafael
64%
Imperial El Centro
60%
Solano Fairfield
56%
San Benito Hollister
56%
Mono Bridgeport
52%
Kings Hanford
52%
Mariposa Mariposa
52%
Contra Costa Martinez
52%
Tehama Red Bluff
52%
Lassen Susanville
52%
Mendocino Ukiah
52%
Placer Auburn
48%
Colusa Colusa
48%
Inyo Independence
44%
Alpine Markleeville
44%
Butte Oroville
44%
El Dorado Placerville
44%
Modoc Alturas
40%
Lake Lakeport
40%
Amador Jackson
36%
Tuolumne Sonora
36%
Yolo Woodland
36%
Sierra Downieville
32%
Plumas Quincy
32%
Calaveras San Andreas
32%
Trinity Weaverville
32%
Yuba Marysville
28%
Glenn Willows
28%
No matching quizzes found
Score Distribution
Percent of People with Each Score
Percentile by Number Answered
Your Score History
You have not taken this quiz